Psiquiatría y catolicismo / (Record no. 150006)

MARC details
000 -LEADER
campo de control de longitud fija 00825nam a2200217 i 4500
001 - NÚMERO DE CONTROL
campo de control 150006
003 - IDENTIFICADOR DE NÚMERO DE CONTROL
campo de control ES-MaACL
005 - FECHA Y HORA DE LA ÚLTIMA TRANSACCIÓN
campo de control 20250811100113.0
007 - CAMPO FIJO DE DESCRIPCIÓN FÍSICA--INFORMACIÓN GENERAL
campo de control de longitud fija t|
008 - DATOS DE LONGITUD FIJA--INFORMACIÓN GENERAL
campo de control de longitud fija 071025s1954 sp ||||1| spa d
100 1# - ENTRADA PRINCIPAL--NOMBRE DE PERSONA
Nombre de persona Veldt, James A. van der.
9 (RLIN) 113822
245 10 - MENCIÓN DEL TÍTULO
Título Psiquiatría y catolicismo /
Mención de responsabilidad, etc. por James H. vander Veldt... y Robert P. Odenwald ; prólogo de... el Dr. Patrick A. O'Boyle ; obra traducida del inglés y puesta al día... por el R. P. Dr. Gonzalo Palacios de Borao...
260 ## - PUBLICACIÓN, DISTRIBUCIÓN, ETC.
Lugar de publicación, distribución, etc. Barcelona :
Nombre del editor, distribuidor, etc. Luis de Caralt,
Fecha de publicación, distribución, etc. 1954.
300 ## - DESCRIPCIÓN FÍSICA
Extensión XXXIX, 502 p., ;
Dimensiones 22 cm.
650 17 - PUNTO DE ACCESO ADICIONAL DE MATERIA--TÉRMINO DE MATERIA
Término de materia o nombre geográfico como elemento de entrada Psiquiatría
Fuente del encabezamiento o término embne
9 (RLIN) 16586
650 #4 - PUNTO DE ACCESO ADICIONAL DE MATERIA--TÉRMINO DE MATERIA
Término de materia o nombre geográfico como elemento de entrada Psicopatología.
9 (RLIN) 16577
700 1# - ENTRADA AGREGADA--NOMBRE PERSONAL
Nombre de persona Odenwald, Robert P.
9 (RLIN) 86523
700 1# - ENTRADA AGREGADA--NOMBRE PERSONAL
Nombre de persona Palacios de Borao, Gonzalo.
9 (RLIN) 88427
852 ## - LOCALIZACIÓN
Ubicación ES-MaACL
Número de control de estantería C-9118
Sublocalización o colección R.37146
Holdings
Estatus retirado Estado de pérdida Estado de daño No para préstamo Biblioteca de origen Biblioteca actual Ubicación en estantería Fecha de adquisición Fuente de adquisición Total de préstamos Signatura topográfica completa Código de barras Visto por última vez Precio de reemplazo Tipo de ítem Koha
        Biblioteca del Ateneo de Madrid Biblioteca del Ateneo de Madrid Sala Palomar 17/01/2008     C-9118 1156529 23/02/2023 23/02/2023 Libro impreso